000 00445nam a2200169Ia 4500
003 OSt
005 20260311090938.0
008 211028s2013 xx 000 0 und d
040 _cAIMIT LIBRARY
041 _aeng
100 _aJames, Josna; Dsouza, Manibushan.
_g101714
_93779
110 _aDella Pradeep.
_93780
245 _aServer request portal /
260 _aBangalore
_c2013
710 _ai2Soft Technologies
_93781
942 _2ddc
_cPRO
999 _c217347
_d217347